Phát triển đội ngũ cán bộ quản lý trường tiểu học ở huyện Châu Thành, tỉnh Hậu Giang Luận văn thạc sĩ khoa học giáo dục. Chuyên ngành: Quản lý giáo dục. Mã số: 8.14.01.14

Đã lưu trong:
書目詳細資料
主要作者: Phạm, Công Danh
其他作者: Lê, Thị Phương Hồng (Hướng dẫn)
格式: 工具包 圖書
語言:Vietnamese
出版: Đồng Tháp Đại học Đồng Tháp 2019
主題:
標簽: 添加標簽
沒有標簽, 成為第一個標記此記錄!
Thư viện lưu trữ: Trung tâm Học liệu Lê Vũ Hùng, Trường Đại học Đồng Tháp
LEADER 01265ppm a22002778a 4500
001 00044600
005 20190820090856.0
008 170628s2017 ||||||viesd
041 0 # |a vie 
082 1 4 |b PH110TR  |a 372.12 
100 1 # |a Phạm, Công Danh 
245 0 0 |c Phạm Công Danh; Lê Thị Phương Hồng (hướng dẫn)  |a Phát triển đội ngũ cán bộ quản lý trường tiểu học ở huyện Châu Thành, tỉnh Hậu Giang  |b Luận văn thạc sĩ khoa học giáo dục. Chuyên ngành: Quản lý giáo dục. Mã số: 8.14.01.14 
260 # # |a Đồng Tháp  |b Đại học Đồng Tháp  |c 2019 
300 # # |a 130 tr. +phụ lục  |c 30 cm. 
500 # # |a ĐTTS ghi: Bộ giáo dục và đào tạo. Trường Đại học Đồng Tháp 
653 # # |a Cán bộ quản lí 
653 # # |a Giáo dục 
653 # # |a Tiểu học 
653 # # |a Quản lý giáo dục 
653 # # |a Hậu Giang 
653 # # |a Luận văn 
653 # # |a Phát triển 
700 1 # |a Lê, Thị Phương Hồng  |e Hướng dẫn 
852 # # |j LV.0002283  |j LV.0002282 
910 # # |d 20/8/2019 
980 # # |a Trung tâm Học liệu Lê Vũ Hùng, Trường Đại học Đồng Tháp